Las misiones jesuitas y presidio en la provincia de Sinaloa, 1591-1767 : conquista, cultura y economía /

Gardado en:
Detalles Bibliográficos
Autor Principal: González Núñez, José (autor)
Outros autores: Ibarra Escobar, Guillermo (presentación) (presentación)
Formato: Libro
Idioma:Lingua castelá
Publicado: Culiacán, México : Colegio de Bachilleres del Estado de Sinaloa, Dirección de Extensión de la Cultura y los Servicios, 1998, c1998
Series:(Crónicas del Colegio de Bachilleres del Estado de Sinaloa ; 15)
Temas:
Etiquetas: Engadir etiqueta
Sen Etiquetas, Sexa o primeiro en etiquetar este rexistro!

MARC

LEADER 00000nam^a2200000^a^4500
001 000182044
005 20250521000000.0
009 20260526130228.022
020 |a 968-7300-31-0 
037 |a Acervo ITESO - Biblioteca 
041 |a ESP 
082 |a 972. 03  |b GON 
100 |a González Núñez, José  |e (autor) 
245 1 4 |a Las misiones jesuitas y presidio en la provincia de Sinaloa, 1591-1767 :  |b conquista, cultura y economía /  |c J. González Núñez ; presen. de G. Ibarra Escobar. 
264 4 |a Culiacán, México :  |b Colegio de Bachilleres del Estado de Sinaloa, Dirección de Extensión de la Cultura y los Servicios,  |c 1998, c1998 
300 |a 228 p. 
336 |a texto  |b txt  |2 rdacontenido 
337 |a sin mediación  |b n  |2 rdamedio 
338 |a volumen  |b nc  |2 rdasoporte 
440 1 |a (Crónicas del Colegio de Bachilleres del Estado de Sinaloa ;  |v 15) 
649 |a XX 
650 |a Jesuitas en Sinaloa -  |x Historia -  |y Epoca Colonial, 1517-1821 -  |x Tema Principal 
650 |a Jesuitas en México -  |x Historia -  |y Epoca Colonial, 1517-1821 
650 |a Iglesia Católica en Sinaloa -  |x Historia -  |y Epoca Colonial, 1517-1821 
650 |a Iglesia Católica en México -  |x Historia -  |y Epoca Colonial, 1517-1821 
650 |a Cárceles y Centros de Readaptación Social -  |z Sinaloa -  |x Historia -  |y Epoca Colonial, 1517-1821 
650 |a Cárceles y Centros de Readaptación Social -  |z México -  |x Historia -  |y Epoca Colonial, 1517-1821 
650 |a Misiones -  |z Sinaloa -  |x Historia -  |y Epoca Colonial, 1517-1821 
650 |a Misiones -  |z México -  |x Historia -  |y Epoca Colonial, 1517-1821 
650 |a Evangelización -  |z Sinaloa -  |x Historia -  |y Epoca Colonial, 1517-1821 
650 |a Evangelización -  |z México -  |x Historia -  |y Epoca Colonial, 1517-1821 
650 |a Monasticismo y Ordenes Religiosas -  |z Sinaloa -  |x Historia -  |y Epoca Colonial, 1517-1821 
650 |a Monasticismo y Ordenes Religiosas -  |z México -  |x Historia -  |y Epoca Colonial, 1517-1821 
650 |a Catolicismo -  |z Sinaloa -  |x Historia  |y Epoca Colonial, 1517-1821 
650 |a Catolicismo -  |z Mexico -  |x Historia  |y Epoca Colonial, 1517-1821 
650 |a Cristianismo -  |z Sinaloa -  |x Historia  |y Epoca Colonial, 1517-1821 
650 |a Cristianismo -  |z Mexico -  |x Historia  |y Epoca Colonial, 1517-1821 
650 |a Religión -  |z Sinaloa -  |x Historia  |y Epoca Colonial, 1517-1821 
650 |a Religión -  |z Mexico -  |x Historia  |y Epoca Colonial, 1517-1821 
650 |a Sinaloa -  |x Historia -  |y Epoca Colonial, 1517-1821 -  |x Tema Principal 
650 |a México -  |x Historia -  |y Epoca Colonial, 1517-1821 
700 |a Ibarra Escobar, Guillermo  |e (presentación) 
910 |a Fondo General 
920 |a Impresos - Libros 
930 |a Colección General 
940 |a Jesuitas 
905 |a 101 
901 |a 0500121968  |b IT1  |c ACC  |u 20250521 
902 |a https://opac.biblio.iteso.mx/vufind/Record/000182044